Saltar ao contenido

Статистика Учебник

В учебнике рассмотрены вопросы теории статистики и коммерческой статистики вопросы статистической методологии привязаны к торгово-коммерческой деятельности различного рода предприятий компаний фирм и т. д. Подробно изложены следующие аспекты статистики: методы группировок абсолютные и относительные...

Descrición completa

Gardado en:
Detalles Bibliográficos
Autor Principal: Годин А.М
Formato: Учебник
Edición:15
Acceso en liña:https://znanium.com/catalog/document?id=431977
https://znanium.com/cover/2084/2084459.jpg
Метки: Engadir etiqueta
Sen Etiquetas, Sexa o primeiro en etiquetar este rexistro!
LEADER 03093nam0a2200313 i 4500
001 RU\infra-m\znanium\bibl\2084459
003 https://znanium.com/catalog/document?id=431977
005 20230705000000.0
010 |a 978-5-394-05149-4 
100 |a 20230705d2023 m y0rusy0150 ca 
101 0 |a rus 
102 |a RU 
200 1 |a Статистика  |e Учебник  |f Финансовый университет при Правительстве Российской Федерации 
205 |a 15 
210 1 |a Москва  |c Издательско-торговая корпорация "Дашков и К"  |d 2023 
215 |a 410 с. 
330 |a В учебнике рассмотрены вопросы теории статистики и коммерческой статистики вопросы статистической методологии привязаны к торгово-коммерческой деятельности различного рода предприятий компаний фирм и т. д. Подробно изложены следующие аспекты статистики: методы группировок абсолютные и относительные величины средние величины ряды распределения ряды динамики выборочный метод наблюдения индексы измерение связи статистика розничного товарооборота покупательского спроса общественного питания товарных запасов труда и заработной платы издержек обращения. В конце каждой главы даны вопросы для самоконтроля. Для студентов бакалавриата обучающихся по направлениям подготовки «Торговое дело» «Экономика» «Менеджмент» менеджеров экономистов преподавателей экономических вузов слушателей курсов повышения квалификации и бизнес-школ. 
333 |a ВО - Бакалавриат 
606 |a Демография. Статистика  |x Общая теория статистики  |2 local 
608 |a Учебник  |2 local 
675 |a 311  |z rus 
686 |a 60.6  |2 rubbk 
686 |a 38.03.01  |2 okso 
686 |a 38.03.02  |2 okso 
686 |a 38.03.06  |2 okso 
700 1 |a Годин  |b А.М.  |g Александр Михайлович  |p Финансовый университет при Правительстве Российской Федерации 
801 0 |a RU  |b Общество с ограниченной ответственностью «ЗНАНИУМ»  |c 20230704  |2 rusmarc 
856 4 |a znanium.com  |m ebs_support@infra-m.ru  |n НИЦ ИНФРА-М  |u https://znanium.com/catalog/document?id=431977 
856 4 1 |a znanium.com  |d /cover/2084  |f 2084459.jpg  |q image/jpeg  |u https://znanium.com/cover/2084/2084459.jpg